00394nam a2200169Ia 4500008004100000041001200041082002000053100001800073245002600091365000700117520001200124546001200136630002600148650001200174655001200186730002600198101110s9999 xx 000 0 und d aMARATHI bJR1808a891.463 aDandekar G.N. aHe To Shrinchi Ichcha b30 aMarathi aMARATHI aHe To Shrinchi Ichcha aMarathi aMarathi aHe To Shrinchi Ichcha